| 000 | 004650000a22001810004500 | ||
|---|---|---|---|
| 003 | MACL | ||
| 005 | 20150710165711.0 | ||
| 008 | 150710b xxu||||| |||| 00| 0 eng d | ||
| 040 |
_aMACL _cMACL |
||
| 041 | _aEnglish | ||
| 082 | _a320/BHA | ||
| 100 |
_aBhanumathy, K.P. _91493 |
||
| 245 |
_aCandid Conversations _bWith towering Persons |
||
| 260 |
_bNational Book Trust _c2007 _aNew Delhi |
||
| 350 | _a80 | ||
| 650 |
_aPolitical science _988 |
||
| 942 |
_cBK _k320 _2ddc |
||
| 999 |
_c1994 _d1994 |
||